000 00287 a2200109 4500
001 122247
020 _a9782090354911
040 _cEscola Canadense de Niteroi
100 _aColette Samson
245 1 0 _aAmis 1 et compagnie - Méthode de Français - A1 - Cahier d' acivités
942 _cBK
999 _c122247
_d122247